LEADER 01241nam a2200253 a 4500 001 000000118095 003 CaOOAMICUS 005 20091118150956.0 008 091118s1977 it u000 u ita r 040 $aPUL$bita$dCP 245 00$aTeatro operaio :$bi lavoratori della Terni dal seminario con Besson alla rappresentazione della loro storia /$cGruteater ; a cura di Italo Moscati. 260 $aRoma :$bCoines,$c1977. 300 $a187 p. ;$c19 cm 490 1 $aUniversale Coines.$aUomo e società ;$v65 650 4$aTeatro e società.$0(OLS)http://pul/subject/35841 650 4$aClasse operaia e teatro.$0(OLS)http://pul/subject/35842 700 1 $aMoscati, Italo.$0(OLS)http://pul/name/73733 710 2 $aGruteater.$0(OLS)http://pul/name/73735 830 0$aUniversale Coines.$pUomo e società ;$v65.$0(OLS)http://pul/title/95141 850 $aPUL 852 $aPUL$W1$xDP1 Cons. Gen., Altre Classi 1$y22$m843 I 7$j135545$qStampati$B134519$CPULBib$Z2$F134519 $H63203 $82 941 1 $a8 996 $6245$aTeatro operaio :$bi lavoratori della Terni dal seminario con Besson alla rappresentazione della loro storia$9(OLS)http://pul/title/148660 996 $6260$aRoma :$bCoines$9(OLS)http://pul/publisher/50877 LEADER 00914naa a2200229 u 4500 001 000000093580 003 CaOOAMICUS 005 20070226130134.0 008 010710m19581959fr u000 u fre u 035 $a10896911 040 $aPUL(R)$bita 100 1 $aGuggenheim, Paul,$d1899-$0(OLS)http://pul/name/60046 245 10$aContribution a l'histoire des sources du droit des gens /$cpar Paul Guggenheim. 260 $a[S. l. :$bs. n.],$c1958-1959. 300 $aP. [1-84] 504 $aBibliografia in nota. 650 4$aDiritto internazionale$xFonti.$0(OLS)http://pul/subject/18427 650 4$aDiritto internazionale$xStoria.$0(OLS)http://pul/subject/14851 773 0 $tRecueil des cours$gv.II (1958) 773 0 $tRecueil des cours 1958$w()60035 996 $6245$aContribution a l'histoire des sources du droit des gens$9(OLS)http://pul/title/120443 996 $6260$a[S. l. :$bs. n.]$9(OLS)http://pul/publisher/47882